000 00420nam a2200145Ia 4500
008 210210b2000 xxu||||| |||| 00| 0 eng d
082 _a324.2092K KHAN
100 _aKHAN ABDUL GAFAR.
245 _aNanna baluveya horata.
260 _aBangalore
_bKarnataka Co-operative Publishing House Ltd.
_c2000
300 _a175,viii
650 _aKhan Abdul Gafar Khan Gadinada Gandhi
690 _aBiography
906 _aSG01209
999 _c112404
_d112404